| 000 | 00828 a2200253 4500 | ||
|---|---|---|---|
| 003 | CBULib | ||
| 005 | 20251120114833.0 | ||
| 008 | 251120b |||||||| |||| 00| 0 eng d | ||
| 020 | _a9780415706490 | ||
| 040 |
_bEnglish _cCBULib _erda |
||
| 041 | _aeng | ||
| 050 | _aRA 790.7 Urb | ||
| 100 | _aAfuape, Taiwo | ||
| 245 |
_aUrban child and adolescent mental services : a responsive approach to communities _c/ edited by Taiwo Afuape and Inga-Britt Krause |
||
| 260 |
_bRoutledge, _c2016 _aOxon : |
||
| 300 | _axiii, 218 pages : illustrations | ||
| 336 |
_2rdacontent _aText | _btxt |
||
| 337 |
_2rdamedia _aUnmediated | _bn |
||
| 338 |
_2rdacarrier _bnc _aVolume |
||
| 650 | 0 |
_94676 _aMENTAL HEALTH SERVICES |
|
| 650 | 0 |
_95102 _aCOMMUNITY MENTAL HEALTH SERVICES |
|
| 700 |
_95103 _aKrause, Inga-Britt |
||
| 942 |
_2lcc _c002 |
||
| 999 |
_c86540 _d86540 |
||